| 000 | 00617nam a22002057a 4500 | ||
|---|---|---|---|
| 999 |
_c4744 _d4744 |
||
| 003 | OSt | ||
| 005 | 20210928095330.0 | ||
| 008 | 160715b xxu||||| |||| 00| 0 eng d | ||
| 020 | _a9781416032571 | ||
| 040 | _cDDC | ||
| 082 | _a617.03CAM 2009 | ||
| 100 |
_aCameroon,Michelle H.; _910221 |
||
| 245 |
_aPhysical Agents in Rehabilitation. _bFrom Research to Practice. _cEdited by Cameroon,Michelle H.; |
||
| 250 | _a3rd ed. | ||
| 260 |
_aMissouri; _bSaunders Elsevier. _c2009. |
||
| 300 |
_axviii,457p; _bcol,ill; _c28cm. |
||
| 504 | _aIncludes; references and index; | ||
| 650 |
_aBiology _9324 |
||
| 942 |
_2ddc _cO_SHELF |
||